000 01065aam a2200325 i 4500
001 20462
003 CO-MdFUSB
005 20211016124330.0
008 161024t2010 cn ao||| |||| 00| 0 eng d
020 _a978-0-8006-9723-5
040 _aCO-MdFUSB
_bEspañol
_cCO-MdFUSB
_dCO-MdFUSB
_erda
041 _aeng
082 _224
_a270
_bP419c
245 0 0 _aReformation Christianity
_c / Editado por Peter Matheson
264 1 _aMinneapolis, Minnesota :
_bFortress Press,
_c[2010]
264 4 _c© 2010
300 _axvi, 306 páginas
_c;
336 _2rdacontent
_atexto
_btxt
337 _2rdamedia
_asin mediación
_bn
338 _2rdacarrier
_avolumen
_bnc
490 2 _aA People's History of Christianity
501 _aRústico
504 _aIncluye índice (página: 301-306)
505 _aEl cristianismo y la Reforma - La vida de fe - Desde la cuna hasta la tumba - Encontrando su voz.
653 _aHistoria del cristianismo
700 1 _9665
_aMatheson, Peter
_d1938-
_eeditor
942 _cREF
945 _aestudiante
999 _c46813
_d46813